Население России: историко-демографическое измерение (Запись № 11041324)
[ простой вид ]
| 000 -МАРКЕР | |
|---|---|
| контрольное поле | 02113nam0a2200349 i 4500 |
| 001 - ИДЕНТИФИКАТОР ЗАПИСИ | |
| контрольное поле | RU\NLR\BIBL_A\011314746 |
| 005 - ИДЕНТИФИКАТОР ВЕРСИИ | |
| контрольное поле | 20260407083951.0 |
| 010 ## - МЕЖДУНАРОДНЫЙ СТАНДАРТНЫЙ НОМЕР КНИГИ (ISBN) | |
| Номер (ISBN) | 9785805503062 |
| Тираж | 500 |
| 021 ## - НОМЕР ГОСУДАРСТВЕННОЙ РЕГИСТРАЦИИ | |
| Код страны | Российская Федерация |
| Номер | 2016-100602 |
| Номер Листа государственной регистраци | 6696 |
| 035 ## - ДРУГИЕ СИСТЕМНЫЕ НОМЕРА | |
| Идентификатор записи | (NLR Aleph) 011314746 |
| 100 ## - ДАННЫЕ ОБЩЕЙ ОБРАБОТКИ | |
| Данные общей обработки | 20170124d2016 k y0rusy50 ca |
| 101 0# - ЯЗЫК РЕСУРСА | |
| Язык текста, звукозаписи и т.д. | русский |
| 102 ## - СТРАНА ПУБЛИКАЦИИ ИЛИ ПРОИЗВОДСТВА | |
| Страна публикации | Российская Федерация |
| 105 ## - ПОЛЕ КОДИРОВАННЫХ ДАННЫХ: ТЕКСТОВЫЕ МАТЕРИАЛЫ, МОНОГРАФИЧЕСКИЕ | |
| Кодированные данные о монографическом текстовом документе | a z 000zy |
| 200 1# - ЗАГЛАВИЕ И СВЕДЕНИЯ ОБ ОТВЕТСТВЕННОСТИ | |
| Основное заглавие | Население России: историко-демографическое измерение |
| Сведения, относящиеся к заглавию | [сборник научных статей по материалам Научного Форума "Поляковские чтения-2014" |
| Первые сведения об ответственности | сост. - д.ист.н. В.Б. Жиромская |
| Последующие сведения об ответственности | редкол.: доктора ист. наук Ю.А. Петров, В.Б. Жиромская (отв. редакторы) и др.] |
| 210 ## - ПУБЛИКАЦИЯ, РАСПРОСТРАНЕНИЕ И ДР. | |
| Место издания, распространения и т.д. | Москва |
| Имя издателя, распространителя и т. д. | ИРИ РАН |
| Дата издания, распространения и т.д. | 2016 |
| 215 ## - ФИЗИЧЕСКАЯ ХАРАКТЕРИСТИКА | |
| Специфическое обозначение материала и объем | 294, [1] с. |
| Другие сведения о физической характеристике | ил. |
| Размеры | 24 |
| 300 ## - ОБЩИЕ ПРИМЕЧАНИЯ | |
| Текст примечания | В надзаг.: Отд-ние ист.-филол. наук Рос. акад. наук, Ин-т рос. истории Рос. акад. наук, Науч. совет Рос. акад. наук по ист. демографии и ист. географии |
| 320 ## - ПРИМЕЧАНИЯ О НАЛИЧИИ В ДОКУМЕНТЕ БИБЛИОГРАФИИ / УКАЗАТЕЛЯ | |
| Текст примечания | Библиогр. в конце ст. |
| 607 ## - ГЕОГРАФИЧЕСКОЕ НАИМЕНОВАНИЕ КАК ПРЕДМЕТ | |
| Географическое наименование | Россия |
| Формальный подзаголовок | Сборники |
| Тематический подзаголовок | Население |
| -- | История |
| Системный номер авторитетной/нормативной записи | 2081150 |
| Идентификатор авторитетной/нормативной записи | RU\NLR\AUTH\661257116 |
| 686 1# - ИНДЕКСЫ ДРУГИХ КЛАССИФИКАЦИЙ | |
| Индекс | С73(2)я43 |
| 686 1# - ИНДЕКСЫ ДРУГИХ КЛАССИФИКАЦИЙ | |
| Индекс | Т3(2)0-1я43 |
| 702 #1 - ИМЯ ЛИЦА - ВТОРИЧНАЯ ОТВЕТСТВЕННОСТЬ | |
| Код отношения | Редактор |
| Материалы, к которым относится поле | rus |
| Графика поля | Кириллица |
| Начальный элемент ввода | Петров |
| Часть имени, кроме начального элемента ввода | Ю. А. |
| Дополнения к именам, кроме дат | д-р ист. наук |
| Даты | 1955- |
| Расширение инициалов личного имени | Юрий Александрович |
| Идентификатор авторитетной/нормативной записи | RU\NLR\AUTH\776489 |
| Системный номер авторитетной/нормативной записи | 116443 |
| 702 #1 - ИМЯ ЛИЦА - ВТОРИЧНАЯ ОТВЕТСТВЕННОСТЬ | |
| Начальный элемент ввода | Жиромская |
| Часть имени, кроме начального элемента ввода | В. Б. |
| Расширение инициалов личного имени | Валентина Борисовна |
| Код отношения | Составитель |
| 711 12 - НАИМЕНОВАНИЕ ОРГАНИЗАЦИИ - АЛЬТЕРНАТИВНАЯ ОТВЕТСТВЕННОСТЬ | |
| Начальный элемент ввода | Поляковские чтения |
| Место проведения временной организации | Москва |
| Дата проведения временной организации | 2014 |
| Системный номер авторитетной/нормативной записи | 546706 |
| Идентификатор авторитетной/нормативной записи | RU\NLR\AUTH\880441348 |
| 712 02 - НАИМЕНОВАНИЕ ОРГАНИЗАЦИИ - ВТОРИЧНАЯ ОТВЕТСТВЕННОСТЬ | |
| Код отношения | Прочие |
| Начальный элемент ввода | Российская академия наук |
| Структурное подразделение | Отделение историко-филологических наук |
| Идентификатор авторитетной/нормативной записи | RU\NLR\AUTH\8810044917 |
| Системный номер авторитетной/нормативной записи | 589261 |
| 942 ## - ДОПОЛНИТЕЛЬНЫЕ ЭЛЕМЕНТЫ ЗАПИСИ (АБИС) | |
| Тип экземпляра АБИС | Книга |
| 980 ## - КОЛЛЕКЦИЯ | |
| Название коллекции | НБР |
Нет доступных экземпляров.